Quizzes
Events
Quiz Creation
Community
Videos
Private Events
Remove Ads
Sign In
Join for FREE
Feedback
Dark Mode
Quiz Categories
Sports
Geography
Music
Movies
Television
Just For Fun
Miscellaneous
History
Literature
Language
Science
Gaming
Entertainment
Religion
Holiday
For Kids
Quiz Lab
Recent
Popular Today
Quiz Kudos Today
Editor Picks
Curator Picks
Quizzes by...
Day
Popularity
Type
Ratings
Length
Year
Community
Subscriptions
Recent Discussions
Orange Saloon
Badges
Playlists
Quests
Create
Leaderboards
Showdown
Live 5
Trivia Bingo
Activity
Puzzle Library
Sporcle Events
Private Events
Virtual Trivia
Globe League
Become a Host
Pub Owners
SporcleCon
Opinionation
Our Games
Videos
Blog
Mobile Apps
Partnerships
Remove Ads and Go Orange
Feedback
Entertainment
Celebrity
Famous
Musical
Broadway
Show
Quote
Comic Books
Anime
Superhero
DC Comics
Marvel
Cartoons
Animation
Entertainment
Celebrity
Famous
Musical
Broadway
Show
Quote
Comic Books
Anime
Superhero
DC Comics
Marvel
Cartoons
Animation
Random Quiz
Search Sporcle
×
Quiz Lab
Quiz Lab
Entertainment
Kpop
Select answers by clicking on text or image buttons
Select answers by clicking on text or image buttons
Clickable
Best Score? Go Orange.
Match K-Drama Couple Stats
Can you match k-drama with its couple's actors-actresses?
By
bang21
10m
30 Questions
666 Plays
666 Plays
666 Plays
Comments
Comments
Give Quiz Kudos
Give Quiz Kudos
-
- Ratings
hide this ad
Replay
Link that replays current quiz
Next Quiz
Link to next quiz in quiz playlist
You Got
0%
They Got
Avg Score
70%
Avg Friend Score
Upgrade to see
Score Distribution
Jump to the score distribution portion of the page
Score
0/30
Timer
10:00
0
Plays Today
% Correct
Descendants of The Sun
94.3%
What's Wrong with Secretary Kim?
91.9%
The Heirs
91.1%
Guardian: The Lonely and Great God (Goblin)
90.8%
While You Were Sleeping
89.9%
Hotel Del Luna
86.9%
The K2
85.6%
My ID is Gangnam Beauty
84.2%
Touch Your Heart
83%
Abyss
81.5%
The Bride of Habaek (The Bride of Water God)
80%
Oh My Venus
76.7%
100 Days My Prince
76.3%
Reply 1988
73.4%
A Korean Odyssey (Hwayugi)
71.6%
% Correct
He is Psychometric
70.3%
It's Okay, That's Love
68.9%
Something in the Rain
65.6%
Moon Embracing The Sun
64.3%
The Smile Has Left Your Eyes
62%
Clean with Passion for Now
61.4%
Another Miss Oh (Another Oh Hae Young)
59.2%
Mr. Sunshine
55.6%
Black
53.9%
Revolutionary Love
52.3%
Familiar Wife
51.1%
Rain or Shine (Just Between Lovers)
50.3%
The Emperor: Owner of the Mask
50.2%
The Third Charm
48.6%
Mirror of the Witch
45.6%
Quiz Playlist
Details
Report
Send in Message
Add To Playlist
Clickable:
Select answers by clicking on text or image buttons
Last Updated: Sep 28, 2019
Quiz Scoreboard
CHALLENGE
Sign Up to Join the Scoreboard
Show All
Scores
Hide
Comments
May contain spoilers
Recently Published
Billboard Blitz: Fleetwood Mac
by CooCooCachoo
Music
15s
Presidents Visiting Landmarks
by Hejman
History
7m
An Introduction to Baseball
by treessimontrees
Sports
5m
More to Explore
Quiz From the Vault
Featured Blog Post
Where Did the Easter Bunny Come From?
hide this ad
You Might Also Like...
Tags
Kpop Quiz
K-drama
Kdrama
Korean Drama
Kpop Idol
Kpop Quiz
Today's Top Quizzes in Entertainment
Browse Entertainment
hide this ad
Today's Top Quizzes in Kpop
Browse Kpop
Top Contributed Quizzes in Entertainment
1
7-to-1: DC Comics Villains
2
Marvel Characters Bunker
3
Eurovision 2023 Logic Puzzle
4
Dragon Ball Z: Goku's Fights in Order
5
Kamen Rider Motifs
6
Criteria Quickie: Cartoon Taxonomy II
7
Sorting Pictures: Villains
8
Fictional Villains Letter U Blitz
9
Mini Trivia Sudoku: Musicals
10
Dragon Ball Z: Mega Character Search
Explore More
Trending Topics
Marvel
Crossword
Kpop
Disney
Anime
NBA
Harry Potter
WWE
Pokémon
Song
The Office
Puzzle
Country
Soccer
NFL
hide this ad
More By:
bang21
Quiz
Plays
Rating
Category
Featured
Created
2018 Kpop MV Thumbnail
2,816
4.80
Entertainment
Feb 24, 2019
K-DRAMA Random Quiz
2,129
4.20
Entertainment
Sep 12, 2019
NCT ERA
1,719
5.00
Music
Sep 20, 2019
50 Korean Actors
1,262
Entertainment
Sep 7, 2019
K D R A M A
950
4.00
Entertainment
Oct 11, 2019
Go to Creator's Profile
Score Distribution
Quiz Creator Spotlight
bang21
Follow
Send a Message
Quizzes Created
-
Created Quiz Play Count
-
More By This Creator
Popular Quizzes Today
1
Find the US States - No Outlines Minefield
2
Find the Countries of Europe - No Outlines Minefield
3
The Countries of the World
4
Find the US States
5
US States
6
Risky Map Clicking: Biggest States A-Z
7
Popular People in 1961
8
Movies - When Are They Set?
More Entertainment Quizzes
Which Name Goes First?
Published
Trending Quizzes
Risky Map Clicking: Least Populous States A-Z
1-10 Letter G Words
1-10 Letter F Words
Risky Map Clicking: Next State Alphabetically
Risky Map Clicking: Biggest States A-Z
Recently Updated
Leaping Animals
pecheneg
Reality TV Shows (A-Z)
bhenderson79
Rickey Henderson's Hall of Fame Teammates
pecheneg
Champions League XIs: Arsenal
pecheneg
Quick Pick: Celebrities in WWE's Hall of Fame
aduchscher
A-Z Keypad Blitz II
pecheneg
Multiple Oscar Actors
pecheneg
Mystery Phrase Blitz: Oscar 'Best Actors'
pecheneg
F. Scott Fitzgerald Novels
LTH
Pick 3 Villains
ddd62291
Trending Topics
Disney
Marvel
Anime
Harry Potter
NBA
Crossword
Kpop
WWE
Soccer
NFL
Puzzle
Pokémon
Country
Song
The Office
Your Account Isn't Verified!
In order to create a playlist on Sporcle, you need to verify the email address you used during registration. Go to your
Sporcle Settings
to finish the process.
Report this User
Report this user for behavior that violates our
Community Guidelines
.
Details:
Send Report
Go to the Sporcle.com Mobile Site →
Comments